000 00530nam a2200181Ia 4500
999 _c16836
_d16836
003 OSt
005 20200606120018.0
008 190216s9999||||xx |||||||||||||| ||und||
020 _a9788188555352
040 _cMESKC library
082 _a891.438
_bMIS/S
100 _aMishra, Lakshmishankar
_9332
245 0 _aSamsmaranom Ke Dheep /
_cLakshmishankar Mishra
260 _bArchana Publications,
_c2011.
_aMeerut:
300 _a174p
650 _aHindi
942 _cBK
_2ddc
_h891.438
_iMIS/S
_k891.438
_mMIS/S